Introducción a la antropología general

Salvato in:
Dettagli Bibliografici
Autore principale: Harris, Marvin (Autore)
Altri autori: Muñoz de Bustillo, Francisco (traductor)
Natura: Libro
Lingua:spagnolo
Pubblicazione: Madrid Alianza 1998
Edizione:1a. ed
Serie:Manuales
Soggetti:
Tags: Aggiungi Tag
Nessun Tag, puoi essere il primo ad aggiungerne!!

MARC

LEADER 00000cam a2200000 a 4500
001 UCF2722
003 CL-VaPUC
005 20250108094719.0
008 120910e19980000SP |||||||||||||||||spa|d
999 |c 349262  |d 349260 
020 |a 9788420643236 
040 |c Pontificia Universidad Católica de Valparaíso 
082 0 4 |a 301  |b HAR  |2 21 
100 |a Harris, Marvin  |e author  |9 564482 
245 1 0 |a Introducción a la antropología general 
250 |a 1a. ed 
260 |a Madrid  |b Alianza  |c 1998 
300 |a 719 p 
490 0 |a Manuales 
583 |a last modification  |c 20120910 11:39:00  |k Rodrigo Vera 
650 0 |a Antropología   |9 233030 
650 0 |a Antropología cultural y social   |9 265143 
650 0 |a Antropología física  |9 308323 
650 0 |a Antropología cultural y social   |9 265143 
650 0 |a Antropología estructural  |9 265692 
700 1 |a Muñoz de Bustillo, Francisco  |e traductor  |9 864360 
942 |c BK  |2 ddc 
945 |d 20120910 00:00:00  |a cmena 
952 |0 0  |1 0  |4 0  |6 301_000000000000000_HAR_1998  |7 0  |8 R  |9 451818  |a BIBEDU  |b BIBEDU  |c MCIRC  |d 2019-11-22  |i 4900545  |l 1  |o 301 HAR 1998  |p 4900545  |r 2024-04-09  |s 2024-04-02  |w 2019-11-22  |y BK_R  |k PSI